Score 0/14 Timer 01:00
0 Plays Today
Clue 4-Letter Word % Correct
Quick; rapidFAST
98.6%
Performers in a showCAST
97.3%
Pant suspenderBELT
95.9%
Contraction meaning 'unable to'CAN'T
94.4%
One hundredth of a dollarCENT
94.2%
Matchbox 20 hitBENT
93%
A fuzzy material used in pensFELT
90%
Clue 4-Letter Word % Correct
5,280 of these comprise a mileFEET
85.4%
College brotherhoodFRAT
85%
Worry about a guitar?FRET
79.6%
Two-dimensional soda?FLAT
77.7%
Sluggish, not moving quicklySLOW
77.3%
To proceed smoothly, as rivers doFLOW
76.7%
An imperfectionFLAW
72.5%

Today's Daily Dose

Missing Word
Train Books

Word Ladder
Piano Man

Quick Pick
Google Products

Get the Picture
Moana or Coco

Remove Ads.
Support Sporcle.
Get the best of Sporcle when you Go Orange. This ad-free experience offers more features, more stats, and more fun while also helping to support Sporcle. Thank you for becoming a member.

You're not logged in!

Compare scores with friends on all Sporcle quizzes.
OR
Log In

Show Comments

Extras

Top Quizzes Today


Score Distribution

Your Account Isn't Verified!

In order to create a playlist on Sporcle, you need to verify the email address you used during registration. Go to your Sporcle Settings to finish the process.

Report this User

Report this user for behavior that violates our Community Guidelines.

Details: